000 00653nam a2200193 i 4500
001 43601
003 ES-MaACL
005 20240224062536.0
007 t|
008 030318s1922 sp ||||1| spa d
100 1 _aCervantes Saavedra, Miguel de,
_d1547-1616
_9226514
245 1 0 _aViaje del Parnaso /
_cMiguel de Cervantes Saavedra ; edición publicada por Rodolfo Schevill y Adolfo Bonilla.
260 _aMadrid :
_b[s.n.,
_c1922] (
_fGráficas Reunidas)
300 _a208 p. ;
_c19 cm.
700 1 _aSchevill, Rudolph.
_9104325
700 1 _aBonilla y San Martín, Adolfo,
_d1875-1926
_930193
852 _aES-MaACL
_jG-15601
999 _c43601
_d43601